000 00309nam a2200121Ia 4500
008 241015s9999 xx 000 0 und d
041 _aeng
082 _a658.406 CAM
100 _aEsther Cameron
245 _aMaking Sense Of Change Management
260 _bKogen Page
_aLondon
_c2011
300 _a370;. P. 23 cm
999 _c41740
_d41740